| 000 | 00760cam a22002531 4500 | ||
|---|---|---|---|
| 001 | sa 64006710 | ||
| 003 | DLC | ||
| 005 | 20260227112041.0 | ||
| 008 | 790809s1963 ii b 000 0 eng | ||
| 010 | _asa 64006710 | ||
| 035 | _a(OCoLC)5255808 | ||
| 040 |
_aDLC _cOCl _dWU _dDLC |
||
| 041 | 0 | _aengtib | |
| 042 | _apremarc | ||
| 050 | 0 | 0 |
_aPL3731 _b.L6 |
| 100 | 0 |
_aLokesh Chandra, _ecomp. |
|
| 245 | 1 | 0 | _aMaterials for a history of Tibetan literature. |
| 260 |
_aNew Delhi, _b[International Academy of Indian Culture] _c1963. |
||
| 300 |
_a3 v. _c29 cm. |
||
| 490 | 1 |
_aSata-pitaka series. Indo-Asian literatures, _vv. 28-30 |
|
| 504 | _aIncludes bibliographical references. | ||
| 650 | 0 | _aTibetan literature. | |
| 830 | 0 |
_aŚata-pitaka series ; _vv. 28. |
|
| 999 |
_c59833 _d59833 |
||